Wrong Answer Roulette Quiz Stats

 Plays Quiz Updated Mar 8, 2017

Support Sporcle.
Go Orange.
Score 0/200 Timer 08:00
0 Plays Today
% Correct
???
100%
???
100%
???
99.9%
???
99.9%
???
99.9%
???
99.9%
???
99.9%
???
99.9%
???
99.9%
???
91.7%
???
89.7%
???
88.1%
???
85.6%
???
85.6%
???
85.6%
???
85.6%
???
85.6%
???
85.6%
???
85.6%
???
85.6%
???
85.6%
???
85.6%
???
78.5%
???
78.2%
???
76.3%
???
72.6%
???
72.5%
???
72.5%
???
72.5%
???
72.5%
???
72.5%
???
72.5%
???
72.5%
???
72.5%
???
72.5%
???
61.5%
???
61.4%
???
56.8%
???
48.7%
???
48.7%
???
48.7%
???
48.7%
???
48.7%
???
48.7%
???
48.7%
???
48.7%
???
48.7%
???
48.7%
???
48.7%
???
42.7%
???
41.2%
???
41.1%
???
39.3%
???
39.3%
???
39.3%
???
39.3%
???
39.3%
???
39.3%
???
39.3%
???
39.3%
???
39.3%
???
39.3%
???
37.7%
???
37.4%
???
37.3%
???
36.5%
???
36.4%
% Correct
???
36.4%
???
36.4%
???
36.4%
???
36.4%
???
36.4%
???
36.4%
???
36.4%
???
36.4%
???
30.1%
???
29.8%
???
28.3%
???
23.7%
???
23.7%
???
23.7%
???
23.7%
???
23.7%
???
23.7%
???
23.7%
???
23.7%
???
23.7%
???
23.7%
???
23.7%
???
20.7%
???
20.6%
???
20.6%
???
20%
???
19.9%
???
19.9%
???
19.9%
???
19.9%
???
19.9%
???
19.9%
???
19.9%
???
19.9%
???
19.9%
???
19.7%
???
19.6%
???
19.5%
???
19.3%
???
19.3%
???
19.3%
???
19.3%
???
19.3%
???
19.3%
???
19.3%
???
19.3%
???
19.3%
???
19.3%
???
15.8%
???
15.8%
???
15.6%
???
15.3%
???
15.2%
???
15.2%
???
15.2%
???
15.2%
???
15.2%
???
15.2%
???
15.2%
???
15.2%
???
15.2%
???
15.2%
???
14.6%
???
14.5%
???
14.3%
???
14.1%
???
14.1%
% Correct
???
14.1%
???
14.1%
???
14.1%
???
14.1%
???
14.1%
???
14.1%
???
14.1%
???
14.1%
???
13.6%
???
13.5%
???
13.5%
???
13.3%
???
13.2%
???
13.2%
???
13.2%
???
13.2%
???
13.2%
???
13.2%
???
13.2%
???
13.2%
???
13.2%
???
10.5%
???
10.1%
???
9.8%
???
8.8%
???
8.8%
???
8.8%
???
8.8%
???
8.8%
???
8.8%
???
8.8%
???
8.8%
???
8.8%
???
8.8%
???
8.8%
???
8.2%
???
7.5%
???
7%
???
7%
???
6.9%
???
6.9%
???
6.9%
???
6.9%
???
6.9%
???
6.9%
???
6.9%
???
6.9%
???
6.9%
???
6.1%
???
6%
???
5.9%
???
5.8%
???
5.8%
???
5.8%
???
5.8%
???
5.8%
???
5.8%
???
5.8%
???
5.8%
???
5.8%
???
5.8%
???
5.3%
???
5.3%
???
5.3%
???
5.2%
???
5.2%

You're not logged in!

Compare scores with friends on all Sporcle quizzes.
OR
Log In
Forgot?

From the Vault

LogiCrossword: Months

by El_Dandy

Try not to use your desk calendar when you're playing this.
Remove Ads.
Support Sporcle.
Get the best of Sporcle when you Go Orange. This ad-free experience offers more features, more stats, and more fun while also helping to support Sporcle. Thank you for becoming a member.

Show Comments

Extras

Top Quizzes Today


Score Distribution

Your Account Isn't Verified!

In order to create a playlist on Sporcle, you need to verify the email address you used during registration. Go to your Sporcle Settings to finish the process.

Report this User

Report this user for behavior that violates our Community Guidelines.

Details: